Fr. Conceicao Rodrigues College of Engineering

Simulation of Power electronics circuits (Record no. 27146)

MARC details
000 -LEADER
fixed length control field 00333nam a2200145Ia 4500
082 ## - DEWEY DECIMAL CLASSIFICATION NUMBER
Classification number 621.317
Item number PAT
100 ## - MAIN ENTRY--PERSONAL NAME
Personal name Patil/M.B/ Ramanarayanan/V
245 ## - TITLE STATEMENT
Title Simulation of Power electronics circuits
260 ## - PUBLICATION, DISTRIBUTION, ETC.
Name of publisher, distributor, etc. Narosa
Date of publication, distribution, etc. 2009
366 ## - TRADE AVAILABILITY INFORMATION
Publishers's discount category 20
546 ## - LANGUAGE NOTE
Language note ENGLISH
-- TTL
650 ## - SUBJECT ADDED ENTRY--TOPICAL TERM
Topical term or geographic name entry element Power electronics
942 ## - ADDED ENTRY ELEMENTS (KOHA)
Koha item type BOOK
Holdings
Withdrawn status Lost status Damaged status Not for loan Collection Home library Current library Date acquired Source of acquisition Cost, normal purchase price Inventory number Total Checkouts Full call number Barcode Date last seen Cost, replacement price Price effective from Koha item type
        CRC Fr. Agnel's C.Rodrigues College of Engineering Fr. Agnel's C.Rodrigues College of Engineering 17/03/2023 Book Base 430.00 10811 dt 26/04/2011   621.317 PAT 21624 17/03/2023 450.00   BOOK